000 00529nam a2200193 a 4500
001 11409
003 CO-ViMGA
008 141112s2004 ck r 000 u spa d
040 _aCO-ViMGA
_bspa
_cCO-ViMGA
082 0 4 _a920 V17p
100 1 _aVargas, Llosa Mario
_915891
245 1 0 _aEl Pez en el agua
260 _aBarcelona :
_bSeis Barral,
_c1993
300 _a541p.
490 _aBibliotecaBreve
590 _aForma de adquisición : DONACION - - Proveedor : RAFAEL SALAMANCA
650 1 4 _aNOVELA
_949122
942 _2ddc
_cBK
999 _c22607
_d22607